[Event "World Team-ch Open 2019"]
[Site "Astana"]
[Date "2019.03.09"]
[Round "5.1"]
[White "Jumabayev, Rinat"]
[Black "Karjakin, Sergey"]
[Result "1-0"]
[WhiteElo "2609"]
[BlackElo "2753"]
[Annotator "TA"]
[PlyCount "135"]
[EventDate "2019.02.05"]
[EventType "team-tourn"]
[EventCountry "KAZ"]
[SourceTitle "playchess.com"]
[Source "ChessBase"]
[SourceQuality "1"]
[WhiteTeam "Kazakhstan"]
[BlackTeam "Russia"]
[WhiteTeamCountry "KAZ"]
[BlackTeamCountry "RUS"]

{[%evp 15,135,12,17,8,13,3,8,1,16,12,39,16,40,37,39,37,37,37,34,36,43,36,41,42,68,52,61,61,63,62,60,54,54,58,61,59,55,37,44,19,64,17,17,10,22,0,4,4,24,0,0,0,0,0,8,0,0,0,8,8,8,8,8,8,8,0,0,0,8,8,47,0,8,0,8,0,0,0,0,0,0,0,48,8,22,29,47,47,72,48,49,46,45,45,45,45,45,45,45,45,45,12,12,12,13,0,13,13,29982,29983,29984,29985,29985,29986,29986,29987,29987,29984,29984,29985,29985,29986]} 1. d4 Nf6 2. c4 e6 3. Nf3 d5 4. Nc3 Be7 5. g3 O-O 6. Bg2 dxc4 7. Ne5 c5 8. dxc5 Qxd1+ 9. Nxd1 {E06: Closed Catalan: Early deviations} Bxc5 10. Bd2 Nd5 11. Nxc4 {The position is equal.} Nc6 12. Rc1 Be7 13. O-O Rd8 14. Nde3 Nxe3 15. Bxe3 Bd7 16. Rfd1 Be8 17. Rxd8 Rxd8 {[#]} 18. a3 $146 h5 19. b4 h4 20. gxh4 Nd4 21. Bxd4 $1 Rxd4 22. e3 Rd8 23. Bxb7 Bxh4 24. Ne5 Bf6 25. Rc5 Kf8 26. Be4 a6 27. f4 Bb5 28. Rc7 (28. Bc6 {is more complex.} Rd1+ 29. Kf2 Rd2+ 30. Kf3 Be2+ 31. Kg3) 28... Bxe5 29. fxe5 $11 {[%mdl 4096] Endgame KRB-KRB} g5 30. Kf2 Rd2+ 31. Kg3 Kg7 32. Rc3 Rd1 33. Bf3 Rg1+ 34. Kf2 Rf1+ 35. Kg3 Rg1+ 36. Kf2 Rf1+ 37. Kg2 Ra1 38. Bh5 Ra2+ 39. Kg3 Ra1 40. Kf2 Ra2+ 41. Kg3 Ra1 42. h3 Ra2 43. Kg4 Rg2+ 44. Kf3 Ra2 45. Bg4 Be2+ 46. Ke4 {Threatens to win with Bxe2.} Bf1 47. Kf3 Bg2+ 48. Kg3 Bf1 (48... Kg6 {looks sharper.} 49. h4 Bd5 50. hxg5 Kxg5 51. Bd1 Rg2+) 49. Bf3 Bb5 50. h4 gxh4+ 51. Kxh4 f6 52. Be4 {Strongly threatening Rc7+.} fxe5 53. Kg5 {aiming for Rc7+.} Kf7 54. Rc7+ Ke8 55. Kf6 Rxa3 56. Kxe6 {[%cal Rc7c8]} Kd8 57. Kd6 {Hoping for Rg7.} Rxe3 58. Bd5 (58. Ra7 $5 {[%cal Ra7a8]} Rc3 59. Bb7 (59. Kxe5 Rh3 $11) 59... Rd3+ 60. Bd5 $14 (60. Kxe5 Rd7 $11)) 58... Re1 59. Rg7 Rd1 60. Kxe5 Rb1 61. Kd6 {Black must now prevent Rg8+.} Rxb4 $2 {[%mdl 8192]} (61... Rf1 $11) 62. Ra7 $1 {[%cal Ra7a8] White mates.} Bd7 63. Rxd7+ Ke8 {[#]} 64. Re7+ $1 Kf8 65. Rf7+ Ke8 66. Rf3 Rd4 67. Rb3 {[%cal Rb3b8]} Kf8 {[#]} 68. Rg3 $1 {Accuracy: White = 66%, Black = 60%.} 1-0

[Event "World Team-ch Open 2019"]
[Site "Astana"]
[Date "2019.03.09"]
[Round "5.2"]
[White "Grischuk, Alexander"]
[Black "Ismagambetov, Anuar"]
[Result "1-0"]
[WhiteElo "2771"]
[BlackElo "2545"]
[Annotator "TA"]
[PlyCount "163"]
[EventDate "2019.02.05"]
[EventType "team-tourn"]
[EventCountry "KAZ"]
[SourceTitle "playchess.com"]
[Source "ChessBase"]
[SourceQuality "1"]
[WhiteTeam "Russia"]
[BlackTeam "Kazakhstan"]
[WhiteTeamCountry "RUS"]
[BlackTeamCountry "KAZ"]

{[%evp 13,163,1,16,25,26,24,27,22,31,17,19,22,37,19,22,22,16,9,15,0,7,2,17,17,43,43,44,39,51,44,51,51,43,45,51,46,52,52,52,52,52,51,53,43,52,52,52,52,52,51,60,51,51,0,59,51,51,51,60,62,73,73,73,73,81,75,81,81,127,81,127,118,127,98,98,98,98,98,98,98,98,98,98,85,98,84,105,98,98,98,98,0,103,98,98,98,102,102,103,0,98,0,111,98,99,99,111,111,111,111,118,109,112,80,80,73,102,62,67,45,45,45,81,81,90,90,136,136,143,143,149,81,81,81,91,91,94,76,98,98,98,98,99,0,99,99,141,148,5057,1885,1660,1238]} 1. Nf3 d5 2. g3 g6 3. Bg2 Bg7 4. d4 Nf6 5. O-O O-O 6. c3 c6 7. Nbd2 Bf5 8. Re1 {D02: 1 d4 d5 2 Nf3 sidelines, including 2...Nf6 3 g3 and 2...Nf6 3 Bf4} (8. Nh4 Be6 9. f4 Na6 10. f5 Bd7 11. e4 dxe4 12. Nxe4 Nxe4 13. Bxe4 Qb6 14. Qb3 Bf6 15. Bh6 Qxb3 16. axb3 {0-1 (62) Artemiev,V (2709)-Duda,J (2738) St Petersburg 2018}) 8... Qc8 9. Nh4 Bg4 10. Qc2 {White has an edge.} Nbd7 $146 ({Predecessor:} 10... Bh3 11. Bh1 Nbd7 12. e4 e5 13. dxe5 Nxe4 14. Nxe4 dxe4 15. Rxe4 Bxe5 16. Bh6 Bg7 17. Bxg7 {½-½ (17) Petersen,T (2301)-Brinck Claussen,B (2262) Denmark 2010}) 11. e4 e5 12. dxe5 Nxe4 13. Nxe4 dxe4 14. Rxe4 Nxe5 15. Bf4 f6 16. Bxe5 fxe5 17. Re3 Qd7 18. Nf3 Bxf3 19. Bxf3 Rad8 20. Kg2 Qf7 21. Be4 Bh6 22. Rf3 Qe6 23. Rxf8+ Kxf8 24. Rd1 Rxd1 25. Qxd1 Bg5 26. h4 Be7 27. a3 Kg7 28. h5 Bg5 29. hxg6 hxg6 30. b4 Be7 31. a4 Bg5 32. Qd3 Be7 33. Qd1 Bg5 34. Qe2 Be7 35. Qd3 Qd6 36. Qe3 b6 37. Qf3 c5 38. b5 Bg5 39. Qg4 Qe7 40. c4 Qf6 41. Qc8 Qf7 {[#]} 42. a5 $1 {[%mdl 512]} bxa5 43. Qxc5 a4 44. Qb4 Be7 45. Qxa4 Bc5 46. Qc2 Qf6 47. Qd2 Bd4 48. Bf3 Qe7 49. Qe2 Qc5 50. Be4 Qf8 51. Qc2 Qd6 52. Qd2 Qf6 $1 53. Qe1 Qd6 54. Bf3 Qe6 55. Bd5 Qf6 56. Be4 Qd6 $1 57. Qe2 Qf8 $1 58. Bd3 Qf6 59. Bc2 Bb6 60. Qd2 Bd4 61. Be4 Qf8 62. f3 Qe7 63. Qc1 Bb6 64. Qd1 Bd4 65. f4 Qf6 66. Qg4 {aiming for f5.} exf4 $1 67. gxf4 Kh6 68. Kf3 Bb6 69. Bd3 Qd6 70. Qg5+ Kg7 71. Qe5+ Qf6 {[#]} 72. Be4 (72. Ke4 $142 $1) 72... Bd4 $16 73. Qc7+ Kh6 74. Qc6 Kg7 75. c5 Be5 76. Qd7+ Kh6 77. Qh3+ Kg7 78. Qd7+ Kh6 79. Qg4 {And now Bxg6! would win.} Bb8 80. Bd3 g5 $2 {[%mdl 8192]} (80... Kg7 $16 81. f5 g5) 81. Qh3+ $18 Kg7 82. Qd7+ {Accuracy: White = 64%, Black = 59%.} 1-0

[Event "World Team-ch Open 2019"]
[Site "Astana"]
[Date "2019.03.09"]
[Round "5.3"]
[White "Makhnev, Denis"]
[Black "Andreikin, Dmitry"]
[Result "0-1"]
[WhiteElo "2476"]
[BlackElo "2725"]
[Annotator "TA"]
[PlyCount "158"]
[EventDate "2019.02.05"]
[EventType "team-tourn"]
[EventCountry "KAZ"]
[SourceTitle "playchess.com"]
[Source "ChessBase"]
[SourceQuality "1"]
[WhiteTeam "Kazakhstan"]
[BlackTeam "Russia"]
[WhiteTeamCountry "KAZ"]
[BlackTeamCountry "RUS"]

{[%evp 13,158,14,22,-9,-10,-10,-2,-8,-18,-14,-12,-22,-19,-39,-36,-45,-48,-52,-53,-45,-39,-35,-34,-65,-64,-70,-69,-65,-57,-96,-96,-96,-90,-96,-81,-79,-79,-86,-84,-131,-131,-131,-131,-155,-131,-126,-116,-116,-116,-116,-116,-116,-116,-116,-116,-116,0,-116,-116,-116,-66,-133,-116,-116,-116,-116,-116,-116,-116,-116,-116,-116,-116,-116,-116,-116,-116,-137,-142,-141,-114,-131,-129,-143,-27,-27,-27,-27,-28,-33,-27,-27,-27,-137,-100,-138,-138,-138,-138,-138,-138,-138,-138,-138,-138,-1212,-1205,-933,-837,-2445,-2345,-5591,-5034,-29958,-29960,-29958,-29961,-29966,-29962,-29964,-29965,-29964,-29965,-29965,-29966,-29966,-29967,-29967,-29969,-29966,-29968,-29968,-29958,-29965,-29970,-29969,-29971,-29969,-29973,-29973,-29973,-29977,-29974,-29982,-29983,-29986,-263]} 1. d4 d5 2. c4 c6 3. Nf3 Nf6 4. Qc2 e6 5. g3 Be7 6. Bg2 O-O 7. O-O b6 8. cxd5 {E06: Closed Catalan: Early deviations} (8. Nbd2 Bb7 9. b3 a5 10. Bb2 Na6 11. Rfd1 Rc8 12. Rac1 h6 13. Qb1 Rc7 14. Ne5 Nd7 15. Ndf3 Nxe5 16. Nxe5 Bd6 17. e4 {½-½ (45) Yu,Y (2751)-Sargissian,G (2672) Riadh 2017}) 8... cxd5 9. Nc3 Bb7 10. Bf4 {The position is equal.} Nc6 11. Rfc1 Rc8 12. Qd1 Ne4 $146 ({Predecessor:} 12... Nh5 13. Ne5 Nxf4 14. gxf4 Nxe5 15. fxe5 {½-½ (25) Marszalek,M (2402)-Grabarczyk,M (2462) Wroclaw 2007}) 13. Ne5 Nxe5 14. Bxe5 Nxc3 15. Rxc3 Rxc3 16. bxc3 Qd7 17. Bf4 Rc8 18. Bd2 Rc4 19. Qb1 Qc6 20. e3 Ra4 21. Bf1 {And now Bb5 would win.} Ba6 22. Bxa6 Rxa6 23. Qc2 Qc4 24. e4 b5 25. exd5 Qxd5 26. Be3 h6 27. Qe2 Ra3 28. Qc2 Ra4 29. Bc1 a6 30. a3 h5 31. h4 Qf3 32. Bb2 g6 33. Bc1 Bd6 34. Bb2 Be7 35. Bc1 $1 Rc4 36. Bb2 Qg4 37. Qd1 (37. a4 $15) 37... Qe4 38. Rc1 Ra4 39. Ra1 Qd5 40. Qc2 Kf8 41. Qd1 Ke8 42. Qc2 Bd6 43. Qd1 Kd7 44. Qc2 Qf3 45. Bc1 f5 46. Bb2 f4 47. Qxg6 fxg3 48. Rf1 gxf2+ ({Better is} 48... Qe2 $17 49. Qf7+ Be7) 49. Rxf2 $11 Qg3+ 50. Qxg3 Bxg3 {[%mdl 4096] Endgame KRB-KRB} 51. Rf7+ Kc6 52. Rh7 Bxh4 53. Rxh5 (53. Kf1 $11) 53... Be7 $17 54. Kf2 Bxa3 55. Bxa3 Rxa3 {KR-KR} 56. Rc5+ Kb6 $1 57. Rc8 {[#]} Kb7 $1 {[%cal Rb7c8]} 58. Rc5 {[#]} Ra4 $1 59. d5 $2 {[%mdl 8192]} (59. Re5 $17) 59... Rf4+ $19 60. Ke3 Rf5 61. c4 bxc4 62. Rxc4 Rxd5 63. Rb4+ Kc6 {Black mates.} 64. Rb8 a5 65. Re8 e5 66. Ke4 Rc5 67. Kd3 Kb5 68. Rb8+ Ka4 69. Rb1 Ka3 70. Rb8 a4 71. Rb7 Ka2 72. Kd2 Rc4 73. Rb8 e4 74. Rb7 Ka3 75. Rb8 Rb4 76. Rc8 Ka2 77. Kc2 Rb2+ 78. Kc1 e3 79. Rc3 Rb1+ {Accuracy: White = 53%, Black = 76%.} 0-1

[Event "World Team-ch Open 2019"]
[Site "Astana"]
[Date "2019.03.09"]
[Round "5.4"]
[White "Artemiev, Vladislav"]
[Black "Kostenko, Petr"]
[Result "1-0"]
[WhiteElo "2736"]
[BlackElo "2466"]
[Annotator "TA"]
[PlyCount "111"]
[EventDate "2019.02.05"]
[EventType "team-tourn"]
[EventCountry "KAZ"]
[SourceTitle "playchess.com"]
[Source "ChessBase"]
[SourceQuality "1"]
[WhiteTeam "Russia"]
[BlackTeam "Kazakhstan"]
[WhiteTeamCountry "RUS"]
[BlackTeamCountry "KAZ"]

{[%evp 9,111,25,46,58,63,36,51,41,44,39,42,39,39,52,49,45,52,50,75,42,55,23,29,29,29,24,39,25,30,32,25,32,38,29,25,28,39,11,17,15,16,16,31,25,26,19,16,4,16,0,0,0,0,0,0,0,0,0,0,0,0,0,0,0,0,0,0,0,0,0,8,8,8,8,8,8,8,8,8,8,8,8,8,8,1214,1020,29946,11196,29953,10947,29976,29978,29976,12531,29981,29982,29982,29983,29984,29985,29985,29986,29987,29988]} 1. c4 e5 2. Nc3 d6 3. g3 f5 4. d4 Be7 5. Bh3 c6 $146 ({Predecessor:} 5... Na6 6. a3 c6 7. dxe5 dxe5 8. Qc2 e4 9. f3 Nf6 10. fxe4 fxe4 11. Bxc8 Rxc8 12. Nxe4 Nxe4 13. Qxe4 {½-½ (23) Giri,A (2762)-Vallejo Pons,F (2705) Palma de Mallorca 2017}) 6. dxe5 {A21: English Opening: 1...e5 2 Nc3} dxe5 7. Qxd8+ (7. e4 {looks sharper.} Qxd1+ 8. Kxd1 Bb4 9. Nf3 Ne7 10. Kc2) 7... Bxd8 8. e4 {White is slightly better.} Ne7 9. Bg5 fxe4 10. Bxc8 Nxc8 11. Bxd8 Kxd8 12. Nxe4 Nb6 13. b3 N8d7 14. Nf3 Kc7 15. O-O-O {aiming for Nfg5.} Rae8 16. Rhe1 Rhf8 17. Re3 Re7 18. Rde1 a5 19. R1e2 Nc8 20. Rd3 Nf6 21. Nfd2 Nb6 22. Kc2 Nbd7 23. f3 Nxe4 (23... Nh5 {seems wilder.} 24. a3 g6 25. b4 axb4 26. axb4 Ng7) 24. Nxe4 Nf6 25. Nd2 g5 26. Rde3 Nd7 27. a3 h6 28. c5 Rfe8 29. Nc4 Nxc5 30. Rxe5 Rxe5 31. Rxe5 Rxe5 32. Nxe5 $11 {[%mdl 4096] Endgame KN-KN} Ne6 33. Kd3 b5 34. b4 axb4 35. axb4 Kd6 36. Nf7+ Kd5 37. Nxh6 Nd4 38. f4 gxf4 39. gxf4 Nf3 40. Ng4 {Hoping for Ne3+.} c5 $1 41. bxc5 Kxc5 42. Ke4 Nh4 43. Ne5 Kd6 44. Nf3 Ng6 45. h4 {Strongly threatening Kf5.} b4 46. h5 Nf8 $2 {[%mdl 8192]} (46... Ne7 $11) 47. Nd4 $18 Kc5 {[#]} 48. h6 $1 Kd6 {[#]} 49. Kf5 $1 {[%cal Rf5f6]} Kd5 50. Nb3 Kc4 51. Nc1 (51. Na1 $142 Kc3 52. Kf6 Kb2 53. Kg7 Ne6+ 54. Kf7 Nxf4 55. h7 Kxa1 56. h8=Q+ Kb1 57. Qh1+ Ka2 58. Qh2+ Ng2 59. Qxg2+ Ka1 60. Qf1+ Kb2 61. Qc4) 51... Kd4 52. Kf6 {White mates.} Ke3 53. Kf7 Nh7 54. Kg7 Kd2 55. Nb3+ Kc3 56. Na5 {Accuracy: White = 85%, Black = 54%.} 1-0

[Event "World Team-ch Open 2019"]
[Site "Astana"]
[Date "2019.03.09"]
[Round "5.5"]
[White "Adams, Michael"]
[Black "Adhiban, B.."]
[Result "1/2-1/2"]
[WhiteElo "2708"]
[BlackElo "2683"]
[Annotator "TA"]
[PlyCount "60"]
[EventDate "2019.02.05"]
[EventType "team-tourn"]
[EventCountry "KAZ"]
[SourceTitle "playchess.com"]
[Source "ChessBase"]
[SourceQuality "1"]
[WhiteTeam "England"]
[BlackTeam "India"]
[WhiteTeamCountry "ENG"]
[BlackTeamCountry "IND"]

{[%evp 22,60,18,6,6,0,0,0,14,10,18,9,23,22,19,20,19,0,12,10,12,21,12,10,25,0,19,0,18,18,17,25,25,0,0,0,0,0,0,0,0]} 1. e4 c5 2. Nf3 Nc6 3. Bb5 g6 4. O-O Bg7 5. Re1 Nf6 6. e5 Nd5 7. Nc3 Nc7 8. Bxc6 dxc6 9. Ne4 b6 10. h3 O-O 11. d3 Ne6 (11... h6 12. b3 Ne6 13. Ng3 Nd4 14. Bb2 Be6 15. c4 Qd7 16. Bxd4 cxd4 17. Ne2 c5 18. Nf4 a5 19. Qe2 Ra6 20. a4 {½-½ (22) Ghaem Maghami,E (2557)-Kryvoruchko,Y (2679) Germany 2012}) 12. Neg5 Nd4 {B31: Sicilian: 2...Nc6 3 Bb5 g6} 13. Bf4 h6 14. Ne4 Kh7 $146 ({Predecessor:} 14... Bf5 15. a4 a5 16. Nxd4 cxd4 17. f3 c5 18. b3 Qd5 19. Qd2 Kh7 20. Qf2 {½-½ (30) Vecek,M (2331)-Isigkeit,H (2383) ICCF email 2012}) 15. b3 Be6 16. a4 a5 (16... Qd7 {feels hotter.} 17. a5 Kg8 18. Nfd2 Rad8 19. Nc3 Ra8) 17. Nxd4 cxd4 18. Qf3 Bd5 19. h4 Qd7 20. Qg3 Qf5 21. f3 Qd7 22. Re2 c5 23. Nd2 Rac8 24. Nc4 Rc6 25. Rae1 Qf5 26. Qh2 Qd7 27. Qg3 Qf5 {The position is equal.} 28. Qh2 Qd7 29. Qg3 Qf5 30. Qh2 Qd7 {Accuracy: White = 71%, Black = 51%.} 1/2-1/2

[Event "World Team-ch Open 2019"]
[Site "Astana"]
[Date "2019.03.09"]
[Round "5.6"]
[White "Sasikiran, Krishnan"]
[Black "McShane, Luke J"]
[Result "0-1"]
[WhiteElo "2678"]
[BlackElo "2661"]
[Annotator "TA"]
[PlyCount "66"]
[EventDate "2019.02.05"]
[EventType "team-tourn"]
[EventCountry "KAZ"]
[SourceTitle "playchess.com"]
[Source "ChessBase"]
[SourceQuality "1"]
[WhiteTeam "India"]
[BlackTeam "England"]
[WhiteTeamCountry "IND"]
[BlackTeamCountry "ENG"]

{[%evp 14,66,31,12,19,14,17,0,11,0,37,44,34,0,0,0,0,0,0,0,0,0,-7,-12,0,0,0,0,0,0,2,0,0,-18,-20,-18,-17,-17,-17,-18,-15,-45,-49,-84,-86,-114,-103,-143,-145,-546,-543,-565,-565,-565,-560]} 1. e4 e5 2. Nf3 Nc6 3. Bc4 Nf6 4. d3 Bc5 5. c3 a6 6. a4 d6 7. O-O Ba7 8. b4 O-O {C54: Giuoco Piano: 4 c3 Nf6, main lines with 5 d4 and 5 d3} 9. Re1 h6 10. h3 (10. Nbd2 Re8 11. Nf1 Be6 12. Bxe6 Rxe6 13. Ng3 Ne7 14. d4 Ng6 {½-½ (38) Aronian,L (2767)-Carlsen,M (2842) Saint Louis 2018}) 10... Ne7 {The position is equal.} 11. d4 exd4 12. cxd4 $146 ({Predecessor:} 12. Nxd4 Ng6 13. Bb3 Re8 14. Nd2 d5 15. Qf3 c6 16. Bb2 Ne5 17. Qe3 Ng6 18. Qf3 Ne5 {½-½ (18) Golubev,R (2340)-Simantsev,M (2465) Kolomna 2016}) 12... d5 13. exd5 Nexd5 14. b5 axb5 15. axb5 Be6 16. Qb3 Bb6 17. Rxa8 Qxa8 18. Bd2 Ba5 19. Nc3 Bxc3 20. Bxc3 Re8 21. Bd2 Qc8 22. Re5 {[%cal Re5d5]} Qd7 23. Ne1 Nb6 24. Bxe6 Rxe6 25. Nd3 Rxe5 26. dxe5 Ne4 $36 {[%mdl 2048] White is under pressure.} 27. Be3 Qd5 28. Qc2 Nc4 ({Reject} 28... Qxb5 $6 29. Qxc7 Qxd3 30. Qxb6 $11) 29. b6 c5 ({Don't play} 29... cxb6 $6 30. Nb4 $11) (29... Nxb6 $6 30. Qxc7 Nc4 31. Nf4 $11) 30. e6 Qxe6 ({But not} 30... fxe6 $6 31. Nf4 $11) 31. Bxc5 $2 {[%mdl 8192] [#]} (31. Qc1 $17 {is tougher.} Nxe3 32. Qxe3) 31... Nxc5 $19 {Black is clearly winning.} 32. Nxc5 Qe1+ 33. Kh2 Qe5+ {[%mdl 64] Double Attack. Accuracy: White = 24%, Black = 87%.} 0-1

[Event "World Team-ch Open 2019"]
[Site "Astana"]
[Date "2019.03.09"]
[Round "5.7"]
[White "Howell, David W L"]
[Black "Ganguly, Surya Shekhar"]
[Result "1/2-1/2"]
[WhiteElo "2693"]
[BlackElo "2633"]
[Annotator "TA"]
[PlyCount "59"]
[EventDate "2019.02.05"]
[EventType "team-tourn"]
[EventCountry "KAZ"]
[SourceTitle "playchess.com"]
[Source "ChessBase"]
[SourceQuality "1"]
[WhiteTeam "England"]
[BlackTeam "India"]
[WhiteTeamCountry "ENG"]
[BlackTeamCountry "IND"]

{[%evp 23,59,24,26,20,26,17,6,7,49,0,0,0,18,6,14,7,6,10,27,24,7,0,0,-1,0,-23,13,0,1,0,0,0,0,0,11,0,0,0]} 1. Nf3 Nf6 2. g3 g6 3. Bg2 Bg7 4. c4 d6 5. d4 O-O 6. O-O Nbd7 7. Nc3 e5 8. e4 exd4 9. Nxd4 Nc5 10. h3 Re8 11. Re1 Bd7 12. Rb1 h6 13. b4 {E68: King's Indian: Fianchetto: 6...Nbd7 7 0-0 e5 8 e4} Ne6 {[#] Threatens to win with ...Nxd4.} 14. Nxe6 Bxe6 15. Nd5 a5 16. a3 $146 ({Predecessor:} 16. bxa5 Rxa5 17. Rxb7 Bxd5 18. cxd5 Rxa2 19. Bb2 Qa8 20. Rb5 Rb8 {½-½ (116) Visakh,N (2303)-Ganguly,S (2646) Kolkata 2013}) 16... axb4 17. axb4 Nxd5 18. cxd5 Bd7 19. Bb2 Bxb2 20. Rxb2 Qf6 21. Qd2 h5 22. h4 Bb5 23. Kh2 Re7 24. Rb3 Rae8 25. Rbe3 {The position is equal.} c6 26. Kg1 Kg7 27. Rd1 Ba4 28. Rde1 Bb5 29. Rd1 Ba4 30. Rde1 {Accuracy: White = 26%, Black = 67%.} 1/2-1/2

[Event "World Team-ch Open 2019"]
[Site "Astana"]
[Date "2019.03.09"]
[Round "5.8"]
[White "Sethuraman, S.P."]
[Black "Jones, Gawain C B"]
[Result "1-0"]
[WhiteElo "2637"]
[BlackElo "2681"]
[Annotator "TA"]
[PlyCount "113"]
[EventDate "2019.02.05"]
[EventType "team-tourn"]
[EventCountry "KAZ"]
[SourceTitle "playchess.com"]
[Source "ChessBase"]
[SourceQuality "1"]
[WhiteTeam "India"]
[BlackTeam "England"]
[WhiteTeamCountry "IND"]
[BlackTeamCountry "ENG"]

{[%evp 23,113,33,64,49,69,54,53,56,52,17,64,13,24,-4,15,3,56,56,53,47,55,48,52,52,48,44,68,48,82,69,71,89,97,43,44,43,52,59,50,52,59,58,72,58,57,41,43,42,50,52,60,54,69,38,51,0,56,47,67,56,60,35,66,35,54,55,89,91,105,110,107,120,112,111,176,204,187,181,277,279,297,266,962,908,1542,1394,2448,2166,5001,937,29982,29983]} 1. e4 e5 2. Nf3 Nc6 3. Bb5 a6 4. Ba4 d6 5. O-O Bd7 6. c3 g6 7. d4 Bg7 8. Bg5 f6 9. Be3 Nh6 10. Re1 O-O 11. h3 Nf7 12. Nbd2 Qe7 13. Bc2 {C76: Ruy Lopez: Deferred Steinitz: 5 c3 Bd7 6 d4 g6} Ncd8 14. Nf1 Ne6 15. Qd2 {[#] White is slightly better.} a5 $146 ({Predecessor:} 15... Kh8 16. N3h2 Rg8 17. Ng3 h5 18. Ne2 Raf8 19. f4 Bh6 20. Nf3 g5 21. fxg5 fxg5 {0-1 (33) Sokolov,A (2645)-Salov,V (2550) Leningrad 1987}) 16. Ng3 Rfd8 17. Nh2 (17. h4 $14) 17... a4 18. b4 axb3 19. axb3 Qf8 ({Black should play} 19... c5 $11 20. d5 Nf4) 20. d5 $14 Nc5 21. b4 Na4 22. c4 b5 23. cxb5 Bxb5 24. Bb3 Qe8 25. Qc2 Qd7 26. Nf3 Bh6 27. Bxh6 Nxh6 28. Nf1 (28. h4 $16) 28... Rdc8 29. Ne3 Nb6 30. Ra5 Kg7 31. Rea1 Nf7 32. Nd2 Qe8 33. Ra7 Qd8 34. R1a5 {Rxa8 is the strong threat.} Rxa7 35. Rxa7 Bd7 36. Qc3 Kf8 37. Kh2 Bb5 38. Ra5 Bd7 39. Ra7 Bb5 $1 40. Qc2 Bd7 41. Ndc4 $36 {[%mdl 2048] White is more active.} Ra8 42. Ra5 Rb8 43. Qc3 Nxc4 44. Bxc4 Rb7 45. Bd3 Kg7 46. Qa3 $1 f5 47. exf5 Qh4 48. Kg1 $1 Qd4 {[#]} (48... Qxb4 $16 49. Qxb4 Rxb4) 49. fxg6 $1 $18 hxg6 {[#]} 50. b5 $1 e4 (50... Qc5 {is a better defense.} 51. Qb2 Ra7) 51. Bf1 Ne5 52. Ra4 Qd2 $2 (52... Qc5 53. Qxc5 dxc5 54. Rxe4 Kf6) 53. Rxe4 Bxb5 {[#]} 54. Rxe5 $1 {[%mdl 512]} dxe5 55. Qe7+ Kg8 56. Bxb5 (56. Ng4 $142 Qf4 57. Nf6+ Qxf6 58. Qxf6 Bxf1 59. Qxg6+ Kf8 60. Qf6+ Ke8 61. Qc6+ {[%mdl 64] Double Attack} Kd8 62. Qxb7) 56... Qd4 57. Ng4 {Accuracy: White = 50%, Black = 33%.} 1-0

[Event "World Team-ch Open 2019"]
[Site "Astana"]
[Date "2019.03.09"]
[Round "5.9"]
[White "Naiditsch, Arkadij"]
[Black "Swiercz, Dariusz"]
[Result "1-0"]
[WhiteElo "2710"]
[BlackElo "2655"]
[Annotator "TA"]
[PlyCount "87"]
[EventDate "2019.02.05"]
[EventType "team-tourn"]
[EventCountry "KAZ"]
[SourceTitle "playchess.com"]
[Source "ChessBase"]
[SourceQuality "1"]
[WhiteTeam "Azerbaijan"]
[BlackTeam "United States"]
[WhiteTeamCountry "AZE"]
[BlackTeamCountry "USA"]

{[%evp 18,87,14,20,17,8,4,0,5,6,1,9,20,20,25,15,56,64,90,94,112,25,21,0,46,0,12,-19,-42,-51,-41,-177,17,21,25,20,68,31,36,36,46,41,35,34,77,67,125,122,121,112,395,393,1178,1041,1027,983,1148,912,896,869,2613,2613,1383,572,1186,1168,7512,7512,29990,29979,5318,5306]} 1. e4 e5 2. Nf3 Nc6 3. Bb5 Nf6 4. O-O Nxe4 5. Re1 Nd6 6. Nxe5 Be7 7. Bf1 Nxe5 8. Rxe5 O-O 9. d4 Bf6 10. Re1 Re8 {C67: Ruy Lopez: Berlin Defence: 4 0-0 Nxe4} 11. Rxe8+ Nxe8 12. d5 d6 {The position is equal.} 13. Nd2 Bf5 14. Nc4 c6 15. c3 Be4 16. dxc6 bxc6 17. Qa4 {[#]} c5 $146 ({Predecessor:} 17... d5 18. Nd2 {½-½ (90) Harikrishna,P (2733)-Balogh,C (2625) Czech Republic 2019}) 18. Bf4 d5 {[#]} 19. Nd2 (19. Rd1 $1 $16) 19... Bf5 $11 20. Bb5 {Hoping for Bc6.} Qe7 (20... g5 $5 {[%cal Rg5f4]} 21. Bg3 Nd6 $11) 21. Nb3 c4 22. Na5 Qe2 23. Bc6 Rd8 $1 24. Qb5 {[#]} (24. Nb7 $15 Rc8 25. Bxd5) 24... Nd6 $2 (24... Bh4 $1 $19 {[%cal Rh4f2]} 25. Bg3 Bxg3 26. hxg3 Nf6) 25. Bxd6 $1 Rxd6 26. Bxd5 Rb6 27. Qxc4 (27. Bxf7+ $5 Kxf7 28. Qxf5 $16) 27... Rxb2 28. Bxf7+ Kf8 $1 29. Qc5+ Kxf7 30. Qxf5 $40 {[%mdl 128] White is up to no good.} Qc2 31. Qd7+ Kf8 ({Better is} 31... Kg6 $14 32. Rf1 Rb1) 32. Qc8+ $16 Kf7 33. Rf1 Qxc3 $2 {[%mdl 8192]} (33... Rb1 $16 {was worth a try.} 34. Qc4+ Kg6) 34. Nc4 $18 Rc2 $2 (34... Rb4) 35. Qd7+ Kg6 36. Nd6 {Intending Qf5+ and mate.} Kh6 37. Nf5+ Kg6 38. Ne3 Rc1 39. Qe8+ Kh6 40. g3 ({Weaker is} 40. Nf5+ Kg5 $16) (40. Ng4+ $142 Kg5 41. f4+ Kf5 42. Ne3+ Qxe3+ {[%mdl 64] Remove Defender} 43. Qxe3 Rxf1+ 44. Kxf1) 40... Rxf1+ 41. Kxf1 g6 42. Qf8+ Kh5 43. g4+ Kg5 {[#]} 44. h4+ $1 {[%mdl 512] Accuracy: White = 54%, Black = 28%.} 1-0